Statistics for 50 Biggest African Cities in 2100

Click here to take the quiz!

General Stats

  • This quiz has been taken 595 times
  • The average score is 29 of 50

Answer Stats

PopulationCity% Correct
40.5 mCairo
99%
88.3 mLagos
98%
83.5 mKinshasa
93%
46.7 mNairobi
93%
35.8 mAddis Ababa
91%
14.7 mAlexandria
90%
73.7 mDar es Salaam
88%
56.6 mKhartoum
88%
18.8 mAbuja
87%
21.2 mDakar
86%
23.6 mLuanda
86%
36.4 mMogadishu
86%
11.0 mAccra
83%
40.1 mKampala
80%
7.5 mBrazzaville
79%
21.1 mMaputo
75%
19.7 mAbidjan
73%
23.0 mBamako
71%
37.7 mLusaka
71%
56.1 mNiamey
71%
6.5 mYaounde
71%
18.3 mKigali
70%
28.8 mN'djamena
70%
20.5 mAntananarivo
68%
11.2 mMonrovia
68%
28.3 mKano
67%
14.0 mMombasa
63%
10.2 mLome
62%
20.6 mOuagadougou
62%
17.2 mConakry
61%
41.4 mLilongwe
60%
23.7 mIbadan
50%
6.1 mNouakchott
49%
9.7 mDouala
48%
11.1 mBenin City
42%
9.4 mPort Harcourt
41%
14.7 mLubumbashi
38%
6.4 mKumasi
35%
40.9 mBlantyre City
29%
14.2 mMbuji-Mayi
27%
11.0 mGiza
21%
13.2 mKaduna
21%
6.4 mKananga
15%
7.2 mMaiduguri
14%
7.1 mZaria
12%
6.2 mIlorin
11%
5.9 mBobo Dioulasso
10%
7.6 mOgbomosho
5%
7.2 mKalyoubia
2%
7.7 mPikine
2%

Score Distribution

Percentile by Number Answered

Percent of People with Each Score

Your Score History

You have not taken this quiz